Ионно-термическая модификация неорганических диэлектриков: диссертация на соискание ученой степени доктора физико-математических наук

Xehetasun bibliografikoak
Egile nagusia: Кабышев А. В. Александр Васильевич
Gaia:For_staff_use
Hizkuntza:errusiera
Argitaratua: Томск, Изд-во ТПУ, 2001
Gaiak:
Formatua: Liburua
KOHA link:https://koha.lib.tpu.ru/cgi-bin/koha/opac-detail.pl?biblionumber=26924

MARC

LEADER 00000nbm0a2200000 4500
001 26924
005 20231030201857.0
035 |a (RuTPU)RU\TPU\book\27169 
035 |a BOOK00027244 
090 |a 26924 
100 |a 20011209d2001 k y0rusy50 ca 
101 0 |a rus 
102 |a RU 
105 |a a m 001zy 
200 1 |a Ионно-термическая модификация неорганических диэлектриков  |e диссертация на соискание ученой степени доктора физико-математических наук  |f А. В. Кабышев 
210 |a Томск  |c Изд-во ТПУ  |d 2001 
215 |a 404 л.  |c ил. 
320 |a Библиогр.: с. 383-404. 
371 0 |a For_staff_use 
610 1 |a физика 
610 1 |a диэлектрики 
610 1 |a неорганические диэлектрики 
610 1 |a ионно-термическая модификация 
610 1 |a керамические материалы 
610 1 |a обработка 
610 1 |a нитридная керамика 
610 1 |a защитные покрытия 
610 1 |a дефекты 
610 1 |a электроперенос 
610 1 |a диссертации 
675 |a 537.226(04)  |v 3 
700 1 |a Кабышев  |b А. В.  |g Александр Васильевич 
801 0 |a RU  |b 63413507  |c 20011209  |g PSBO 
801 2 |a RU  |b 63413507  |c 20070504  |g PSBO 
942 |c BK